NLSUI OPAC header image

The food safety and standards act, 2006 (Record no. 31102)

MARC details
000 -LEADER
fixed length control field 00464nam a2200157Ia 4500
008 - FIXED-LENGTH DATA ELEMENTS--GENERAL INFORMATION
fixed length control field 160316s2012 xxu||||| |||| 00| 0 eng d
082 ## - DEWEY DECIMAL CLASSIFICATION NUMBER
Classification number 344.042320
Item number SET-P1-2
100 ## - MAIN ENTRY--PERSONAL NAME
Personal name Seth
245 ## - TITLE STATEMENT
Title The food safety and standards act, 2006
250 ## - EDITION STATEMENT
Edition statement
260 ## - PUBLICATION, DISTRIBUTION, ETC.
Place of publication, distribution, etc. Delhi
Name of publisher, distributor, etc. Delhi Law House
Date of publication, distribution, etc. 2012
300 ## - PHYSICAL DESCRIPTION
Extent 615
Other physical details
Dimensions iv
365 ## - TRADE PRICE
Price amount Rs. 2,400 Set
650 ## - SUBJECT ADDED ENTRY--TOPICAL TERM
Topical term or geographic name entry element 1. Food Adulteration - Prevention Laws<br/>2. Prevention of Food Adulteration Act
700 ## - ADDED ENTRY--PERSONAL NAME
Personal name Capoors
--
Holdings
Withdrawn status Lost status Damaged status Not for loan Home library Current library Shelving location Date acquired Cost, normal purchase price Total Checkouts Full call number Barcode Date last seen Price effective from Koha item type Public note
        . . NAB Compactor 30.05.2017 2400.00   344.04232 SET-P1-2 28319 30.05.2017 30.05.2017 BOOKs Price for the entire Set